| 000 | 00921nam a2200349 a 4500 | ||
|---|---|---|---|
| 003 | AR-BaBNM | ||
| 005 | 20251128205628.0 | ||
| 008 | 082120s2002 ||||||||||||||000 | spa|| | ||
| 020 | _a84-7509-853-3 | ||
| 040 | _cAR-BaBNM | ||
| 100 | 1 | _aTodorov, Tzvetan | |
| 245 | 0 | 0 | _aLas morales de la historia |
| 260 |
_aBarcelona _bPaidós _c1993 |
||
| 300 |
_a278 p. _btablas |
||
| 490 | 0 |
_aBásica _vv. 60 |
|
| 500 | _aReferencias bibliográficas p. 273-278 | ||
| 600 | 0 | 4 | _aSocrates |
| 650 | 4 | _aHISTORIOGRAFIA | |
| 650 | 4 | _aFILOSOFIA DE LA HISTORIA | |
| 650 | 4 | _aMETODO HISTORICO | |
| 650 | 4 | _aHISTORIOGRAFIA | |
| 650 | 4 | _aCULTURA | |
| 650 | 4 | _aESCRITURA HISTORICA | |
| 650 | 4 | _aINVESTIGACION HISTORICA | |
| 650 | 4 | _aANALISIS HISTORICO | |
| 650 | 4 | _aCIVILIZACION | |
| 650 | 4 | _aDEMOCRACIA | |
| 650 | 4 | _aTEOCRACIA | |
| 700 | 1 |
_aBertran Alcázar, Bernard _etraductor |
|
| 942 | _cBK | ||
| 998 | _cMariana | ||
| 999 |
_c12165 _d12165 |
||